Normal view
MARC view
Entry Término temático
001 - NÚMERO DE CONTROL
- campo de control: 146507
003 - IDENTIFICADOR DEL NÚMERO DE CONTROL
- campo de control: OSt
005 - FECHA Y HORA DE LA ÚLTIMA TRANSACCIÓN
- campo de control: 20220127160149.0
008 - DATOS DE LONGITUD FIJA
- campo de control de longitud fija: 220127|| aca||aabn | a|a d
040 ## - FUENTE DE LA CATALOGACIÓN
- Centro catalogador/agencia de origen: OSt
- Centro/agencia transcriptor: OSt
150 ## - ENCABEZAMIENTO--TÉRMINO DE MATERIA
- Término de materia o nombre geográfico como elemento de entrada: Peso
670 ## - FUENTE DE DATOS ENCONTRADOS
- Cita de la fuente: Work cat.: (OSt)170265: Castillo Cabrera, Cristian 134509, Evaluación del efecto de aceite de soya, en ganancia de peso de tilapia (Oreochromis niloticus), con dieta de 32 % de pc, enriquecida con quinoa (Chenopodium quinoa) /, 2017
